000 00538nam a22001817a 4500
999 _c189898
_d189898
005 20220714123245.0
010 _aENG-133549
020 _a9789382356233
_c200.00
035 _aEN-117081
037 _bDBAD/PUB
082 _a881
100 _aPanikkar,G.N.
245 _aThe mute and the sidelined...(Poems)/
_cby G.N.Panikkar
260 _bFolio
_c2018
_aThiruvananthapuram
270 _aTIRA 135 Palace Gardens Pipnmoodu,
_bThiruvananthapuram
_e695010
300 _a197p.
_c22cm(pbk)
942 _2ddc
_cEN
_h881
_mPAN